Score 0/30 Timer 01:00
0 Plays Today
% Correct
Mickey Mouse
75.9%
Simba
74.7%
Bambi
74.3%
Tigger
74.2%
Pinocchio
74.2%
Captain Hook
73.9%
Snow White
73.5%
Tinker Bell
72.6%
Pocahontas
72.6%
Ariel
72.3%
Stitch
70.4%
Maleficent
70.4%
Grumpy
70.3%
Cruella De Vil
69.8%
Elsa
69.5%
% Correct
Wreck-It Ralph
69.3%
Moana
68.9%
Mowgli
68.7%
Cinderella
68.5%
Jasmine
68.1%
Mulan
66.7%
Lady
66%
Bolt
65.7%
Belle
64.7%
Flounder
61.3%
Rafiki
59.3%
Zazu
59.2%
Sleeping Beauty
58.8%
Esmerelda
56.2%
Pongo
51.3%
Remove Ads.
Support Sporcle.
Get the best of Sporcle when you Go Orange. This ad-free experience offers more features, more stats, and more fun while also helping to support Sporcle. Thank you for becoming a member.

You're not logged in!

Compare scores with friends on all Sporcle quizzes.
OR
Log In

Sporcle TV

Today on Sporcle TV


Watch our educational content, quiz creation guides, and fun videos on Sporcle TV.

Show Comments

Extras

Top Quizzes Today


Score Distribution

Paid Content

Your Account Isn't Verified!

In order to create a playlist on Sporcle, you need to verify the email address you used during registration. Go to your Sporcle Settings to finish the process.

Report this User

Report this user for behavior that violates our Community Guidelines.

Details: